Welcome to WEB OPAC of MRSPTU Central Library

Cryptography and network security (Record no. 6328)

MARC details
000 -LEADER
fixed length control field 00434nam a2200181Ia 4500
008 - FIXED-LENGTH DATA ELEMENTS--GENERAL INFORMATION
fixed length control field 230711s9999||||xx |||||||||||||| ||und||
020 ## - INTERNATIONAL STANDARD BOOK NUMBER
International Standard Book Number 978-93-325-4364-5
041 ## - LANGUAGE CODE
Language code of text/sound track or separate title ENG
082 ## - DEWEY DECIMAL CLASSIFICATION NUMBER
Classification number 4.6
Item number BO-C
100 ## - MAIN ENTRY--PERSONAL NAME
Personal name Bose,S
245 #0 - TITLE STATEMENT
Title Cryptography and network security
250 ## - EDITION STATEMENT
Edition statement 1st Ed.
260 ## - PUBLICATION, DISTRIBUTION, ETC.
Date of publication, distribution, etc. 2016
Place of publication, distribution, etc. New Delhi
Name of publisher, distributor, etc. Pearson
300 ## - PHYSICAL DESCRIPTION
Extent 517p.
650 ## - SUBJECT ADDED ENTRY--TOPICAL TERM
Topical term or geographic name entry element Electronics Engineering
700 ## - ADDED ENTRY--PERSONAL NAME
Personal name Vijaykumar,P
942 ## - ADDED ENTRY ELEMENTS (KOHA)
Koha item type Book
Holdings
Withdrawn status Lost status Damaged status Not for loan Collection Home library Current library Date acquired Source of acquisition Cost, normal purchase price Inventory number Total checkouts Full call number Barcode Date last seen Price effective from Koha item type Date last checked out
          MRSPTU Central Library MRSPTU Central Library   Krishna Book Distributors 449.00 KBD/2016-2017/961642808   4.6 BO-C 36135 08/17/2023 08/17/2023 Book  
          MRSPTU Central Library MRSPTU Central Library   Krishna Book Distributors 449.00 KBD/2016-2017/961642808   4.6 BO-C 36136 08/17/2023 08/17/2023 Book  
          MRSPTU Central Library MRSPTU Central Library   Krishna Book Distributors 449.00 KBD/2016-2017/961642808   4.6 BO-C 36137 08/17/2023 08/17/2023 Book  
          MRSPTU Central Library MRSPTU Central Library   Krishna Book Distributors 449.00 KBD/2016-2017/961642808 1 4.6 BO-C 36138 03/14/2024 08/17/2023 Book 12/06/2023
          MRSPTU Central Library MRSPTU Central Library   Krishna Book Distributors 449.00 KBD/2016-2017/961642808 1 4.6 BO-C 36139 01/05/2024 08/17/2023 Book 12/21/2023

Website Designed and Developed by MRSPTU Central Library Team

E-mail Id: librarian@mrsptu.ac.in